• 首页
  • 本馆介绍
  • 公告通知
  • 最新文献
  • 馆藏检索
  • 电子资源
  • 读者导购
  • 参考咨询
  • 我的图书馆
  • 登录
  • 详细信息显示
  • 放入我的书架
  • 预约/预借图书
  • 作者相关作品
  • 分类相关作品
  • 丛书相关作品
  • 出版社相关作品

书目信息

  • 表格格式
  • 工作单格式
  • 卡片格式
题名:
从产业转型到金融转型
    
 
作者: 巴曙松 著
分册:  
出版信息: 北京   北京大学出版社  2009
页数: 313页
开本: 23cm
丛书名:
单 册:
中图分类: F121.3-53 , F832.1-53
科图分类:
主题词: 产业结构--中国--文集 , 金融体制--中国--文集 , 产业结构 , 金融体制
电子资源:
ISBN: 978-7-301-15142-6
000 01128nam0 2200301 45
001 1034513155
005 20100319081444.68
010    @a978-7-301-15142-6@dCNY39.00
100    @a20100311d2009 ekmy0chiy0120 ea
101 0  @achi
102    @aCN@b110000
105    @ay z 000yy
106    @ar
200 1  @a从产业转型到金融转型@ACong Chan Ye Zhuan Xing Dao Jin Rong Zhuan Xing@dFinancial transformation first@f巴曙松著@FBa Shu Song Zhu@zeng
210    @a北京@c北京大学出版社@d2009
215    @a313页@d23cm
300    @a巴曙松文集系列
330    @a本书由转型的压力、转型的推进、转型的机会三个篇章组成,其中包括人民币在国际化进程中、经济回落时期中国银行业的挑战、中国扩大内需中的挑战与趋势、中国社保基金如何监管、货币对冲的依赖与转型、日本对冲基金的发展可以给中国什么启示等内容。
510 1  @aFinancial transformation first@zeng
606 0  @a产业结构@y中国@j文集
606 0  @a金融体制@y中国@j文集
606 0  @a产业结构
606 0  @a金融体制
690    @aF121.3-53@v4
690    @aF832.1-53@v4
701  0 @a巴曙松@ABa Shu Song@4著
801  0 @aCN@bTANGWEI@c20100319
905    @b0585792-94@dF121.3-53@e197@f3
    
    从产业转型到金融转型=Financial transformation first/巴曙松著.-北京:北京大学出版社,2009
    313页;23cm
    巴曙松文集系列
    
    ISBN 978-7-301-15142-6:CNY39.00
    本书由转型的压力、转型的推进、转型的机会三个篇章组成,其中包括人民币在国际化进程中、经济回落时期中国银行业的挑战、中国扩大内需中的挑战与趋势、中国社保基金如何监管、货币对冲的依赖与转型、日本对冲基金的发展可以给中国什么启示等内容。
●
相关链接 在E读中查询图书 在五车中查询图书 在当当中查询图书 在豆瓣中查询图书


正题名:从产业转型到金融转型     索取号:F121.3-53/197         预约/预借

序号 登录号 条形码 馆藏地/架位号 状态 备注
1 0585792   205857928   第一样本阅览室/ [索取号:F121.3-53/197] 在馆    
2 0585793   205857937   第一借阅区/ [索取号:F121.3-53/197] 在馆    
3 0585794   205857946   密集书库-海洋学院/ [索取号:F121.3-53/197] 在馆    
唐山师范学院图书馆 欢迎您!
大连网信软件有限公司© 版权所有